| 000 | 01660nam0a2200349 i 4500 | ||
|---|---|---|---|
| 001 | RU\NLR\bibl\1923768 | ||
| 005 | 20260409074331.0 | ||
| 010 |
_a9785833607152 _9100 |
||
| 021 |
_aRU _b2012-34457 |
||
| 035 | _a(nilc)RSL-KNO-005443308 | ||
| 035 | _a(NLR Aleph) 001913194 | ||
| 090 |
_a3204552 _c3204552 |
||
| 100 | _a20120521d2012 u y0rusy50 ca | ||
| 101 | 0 |
_arus _afre |
|
| 102 | _aRU | ||
| 105 | _aa zzzz||||| | ||
| 200 | 1 |
_aПрофессионально-компетентностная модель иноязычного обучения: пути формирования в условиях многоуровневого образования _fН. В. Сидакова _gМ-во образования и науки Российской Федерации, Федеральное гос. бюджетное образовательное учреждение высш. проф. образования "Северо-Осетинский гос. ун-т им. К. Л. Хетагурова" |
|
| 210 |
_aВладикавказ _cИзд-во СОГУ _d2012 |
||
| 215 |
_a179 с. _cил. _d21 |
||
| 300 | _aТекст рус., фр. | ||
| 320 | _aБиблиогр.: с. 140-154 | ||
| 606 |
_aИностранные языки _xПреподавание _xВысшая школа _92144180 _3RU\NLR\auth\661291992 |
||
| 686 |
_aШ12-913,0 _2rubbk |
||
| 686 | _aЧ486.17 | ||
| 700 | 1 |
_aСидакова _bН. В. _gНелли Валентиновна _4070 |
|
| 801 | 0 |
_aRU _bRuMoRKP _c20120521 _grcr |
|
| 801 | 1 |
_aRU _bРГБ _c20120521 |
|
| 801 | 2 |
_aRU _bNLR _c20120712 _grcr |
|
| 830 | _aпо кн | ||
| 942 | _cBOOK | ||
| 980 | _aNBR | ||